LEADER 01218nam0 22002771i 450 001 UON00091797 005 20231205102514.247 100 $a20020107d1975 |0itac50 ba 101 $ager 102 $aDE 105 $a|||| ||||| 200 1 $aˆDie ‰Wesenbestimmung der Geschichte durch die antike Geschichts-schreibung$fHermann Strasburger 210 $aWiesbaden$cSteiner$d1975 215 $a[58 p.]$d24 cm 311 $aBd. 5, Jg. 1966ù$9UON00036362 410 0$1001UON00036362$12001 $aSitzungsberichte der Wissenschaftlichen Gesellschaft an der Johann Wolfgang Goethe-Universitat Frankfurt am Main$v3 Bd. 5, Jg. 1966ù 620 $aDE$dWiesbaden$3UONL003153 686 $aA2$cSTORIA DELLA STORIOGRAFIA$2A 700 1$aSTRASBURGER$bHermann$3UONV059117$0384576 712 $aSteiner$3UONV245907$4650 801 $aIT$bSOL$c20240220$gRICA 899 $aSIBA - SISTEMA BIBLIOTECARIO DI ATENEO$2UONSI 912 $aUON00091797 950 $aSIBA - SISTEMA BIBLIOTECARIO DI ATENEO$dSI A 2 011 $eSI MC 1326 5 996 $aWesenbestimmung der Geschichte durch die antike Geschichts-schreibung$91304047 997 $aUNIOR LEADER 03055oas 2201225 a 450 001 9910154537403321 005 20260218110849.0 011 $a1943-393X 035 $a(DE-599)ZDB2480891-X 035 $a(OCoLC)235533691 035 $a(CONSER) 2008212296 035 $a(CKB)1000000000429266 035 $a(DE-599)2480891-X 035 $a(EXLCZ)991000000000429266 100 $a20080723a20099999 sy a 101 0 $aeng 135 $aur||||||||||| 181 $ctxt$2rdacontent 182 $cc$2rdamedia 183 $acr$2rdacarrier 200 10$aAttention, perception & psychophysics 210 $aAustin, Tex. $cPsychonomic Society 210 3 $aNew York $cSpringer 300 $aRefereed/Peer-reviewed 311 08$a1943-3921 517 1 $aAttention, perception and psychophysics 531 0 $aAtten. percept. psychophys. 606 $aSenses and sensation$vPeriodicals 606 $aPerception$vPeriodicals 606 $aAttention$vPeriodicals 606 $aPsychophysics$vPeriodicals 606 $aPerception 606 $aPsychophysiology 606 $aAttention 606 $aSens et sensations$vPe?riodiques 606 $aPerception$vPe?riodiques 606 $aAttention$vPe?riodiques 606 $aPsychophysique$vPe?riodiques 606 $aAttention$2fast$3(OCoLC)fst00820788 606 $aPerception$2fast$3(OCoLC)fst01057622 606 $aPsychophysics$2fast$3(OCoLC)fst01081670 606 $aSenses and sensation$2fast$3(OCoLC)fst01112562 608 $aPeriodical. 608 $aPeriodicals.$2fast 608 $aPeriodicals.$2lcgft 615 0$aSenses and sensation 615 0$aPerception 615 0$aAttention 615 0$aPsychophysics 615 12$aPerception. 615 12$aPsychophysiology. 615 12$aAttention. 615 6$aSens et sensations 615 6$aPerception 615 6$aAttention 615 6$aPsychophysique 615 7$aAttention. 615 7$aPerception. 615 7$aPsychophysics. 615 7$aSenses and sensation. 676 $a152.1 712 02$aPsychonomic Society 801 0$bNSD 801 1$bNSD 801 2$bNSD 801 2$bCLU 801 2$bBUF 801 2$bDLC 801 2$bNSD 801 2$bOCLCQ 801 2$bUKMGB 801 2$bOCLCQ 801 2$bBUF 801 2$bOCLCQ 801 2$bOCLCF 801 2$bOCLCQ 801 2$bOCLCA 801 2$bTSC 801 2$bKSU 801 2$bNTG 801 2$bOCLCO 801 2$bAU@ 801 2$bOCLCO 801 2$bWYU 801 2$bOCLCO 801 2$bU3W 801 2$bOCLCO 801 2$bAUD 801 2$bOCLCA 801 2$bTKN 801 2$bDLC 801 2$bRDF 801 2$bOCLCQ 801 2$bOCLCO 801 2$bSFB 801 2$bOCLCQ 801 2$bREDDC 801 2$bSMC 801 2$bUEJ 801 2$bOCLCL 801 2$bOCLCQ 906 $aJOURNAL 912 $a9910154537403321 996 $aAttention, perception & psychophysics$91413792 997 $aUNINA